| 000 | 00786nam a2200205 i 4500 | ||
|---|---|---|---|
| 001 | 24168 | ||
| 003 | ES-MaACL | ||
| 005 | 20250824201935.0 | ||
| 007 | t| | ||
| 008 | 021216s1965 sp ||||1| spa d | ||
| 100 | 1 |
_aAndrés, Gregorio de. _921574 |
|
| 245 | 1 | 3 |
_aEl maestro Baltasar de Cespedes, humanista salmantino, y su discurso de las letras humanas : _bestudio biográfico y edición crítica / _cGregorio de Andrés. |
| 260 |
_aEl Escorial : _bReal Monasterio, _c1965. |
||
| 300 |
_a262 p. ; _c25 cm. |
||
| 490 | 1 |
_aBiblioteca la Ciudad de Dios. I. Libros ; _v14 |
|
| 600 | 1 | 4 |
_aCéspedes, Baltasar de- _xCrítica e interpretación. _9158599 |
| 830 | 0 | 0 |
_aBiblioteca la ciudad de Dios _v14 _9187490 |
| 852 |
_aES-MaACL _jE-671 _bR.56616 |
||
| 999 |
_c24168 _d24168 |
||